OPAC Home

THE ENCYCLOPEDIA BRITANNICA - VOL XVIII (Record no. 150111)

MARC details
000 -LEADER
fixed length control field 00384nam a22001337a 4500
003 - CONTROL NUMBER IDENTIFIER
control field LK-CoDNM
005 - DATE AND TIME OF LATEST TRANSACTION
control field 20240829151714.0
008 - FIXED-LENGTH DATA ELEMENTS--GENERAL INFORMATION
fixed length control field 240829b |||||||| |||| 00| 0 eng d
040 ## - CATALOGING SOURCE
Original cataloging agency LK-CoDNM
Modifying agency LK-CoDNM
Description conventions LK-CoDNM
942 ## - ADDED ENTRY ELEMENTS (KOHA)
Koha item type Books
245 ## - TITLE STATEMENT
Title THE ENCYCLOPEDIA BRITANNICA - VOL XVIII
260 ## - PUBLICATION, DISTRIBUTION, ETC. (IMPRINT)
Place of publication, distribution, etc. CAMBRIDGE ENGLAND
Name of publisher, distributor, etc. AT THE UNIVERSITY PRESS
Date of publication, distribution, etc. 1911
300 ## - PHYSICAL DESCRIPTION
Extent XIII, 968P. ; 30 CM
Holdings
Withdrawn status Lost status Damaged status Not for loan Collection code Permanent Location Current Location Shelving location Date acquired Barcode Koha item type
    Damaged   Old Books Collection Library National Museum Colombo - Sri Lanka Library National Museum Colombo - Sri Lanka Reference 2024-08-29 OB7124 Books
Copyright © 2023 Department of National Museum, Colombo 07, Sri Lanka Funded by UNESCO IFAP UNESCO